000 01083nam0a22002411i 4500
001 rc\3320465
005 20240723234852.0
021 _aRU
_b[73-14889а]
035 _a(NLR Aleph) 007419543
090 _a6901163
_c6901163
100 _a20130115d1973 |||y0rusy50 ca
101 0 _arus
102 _aRU
105 _ay d |||||
200 1 _aНекоторые вопросы совершенствования информационных систем предприятий в условиях автоматизированного управления
_e(На примере предприятий приборостроения)
_eАвтореф. дис. на соиск. учен. степени канд. экон. наук
_e(08.00.13)
_fАН УССР. Ин-т экономики
210 _aКиев
_d1973
215 _a26 с.
320 _aСписок работ авт.: с. 25-26 (9 назв.)
700 1 _aДубонос
_bВ.П.
_gВладимир Павлович
801 0 _aRU
_bNLR
_gpsbo
801 1 _aRU
_bELAR
_2rusmarc
852 _aNLR
_j73-4/33081
942 _cBOOK